000 02733nam a22002777a 4500
999 _c23220
_d23220
005 20251125232921.0
008 s2545 th tha d
020 _a9744175338
040 _aNALT
041 _atha
090 _aอ AE370.T54 พ833ส 2545
110 0 _aคณะกรรมการจัดทำหนังสือที่ระลึกและจดหมายเหตุพระราชพิธีสมมงคลพระชนมายุเท่าพระบาทสมเด็จพระพุทธยอดฟ้าจุฬาโลกมหาราช
245 1 0 _aสรุปผลการสัมมนาทางวิชาการเฉลิมพระเกียรติในโอกาสพระราชพิธีสมมงคลพระชนมายุเท่าพระบาทสมเด็จพระพุทธยอดฟ้าจุฬาโลกมหาราช
260 3 _aกรุงเทพฯ :
_bกรมศิลปากร,
_c2545
300 _a168 หน้า :
_b ภาพประกอบ ;
_c 30 ซม.
610 _aคณะกรรมการจัดทำหนังสือที่ระลึกและจดหมายเหตุพระราชพิธีสมมงคลพระชนมายุเท่าพระบาทสมเด็จพระพุทธยอดฟ้าจุฬาโลกมหาราช
650 0 4 _aบทพระราชนิพนธ์ -- อภิปราย
650 0 4 _aพระราชพิธีสมมงคลพระชนมายุเท่าพระบาทสมเด็จพระพุทธยอดฟ้าจุฬาโลกมหาราช
650 0 4 _aพุทธยอดฟ้าจุฬาโลกมหาราช, พระบาทสมเด็จพระ, 2279--2352
650 0 4 _aภูมิพลอดุลยเดช, พระบาทสมเด็จพระเจ้าอยู่หัว, 2470--
650 0 4 _aภูมิพลอดุลยเดช, พระบาทสมเด็จพระเจ้าอยู่หัว, 2470--พุทธยอดฟ้าจุฬาโลกมหาราช, พระบาทสมเด็จพระ, 2279--2352พระราชพิธีสมมงคลพระชนมายุเท่าพระบาทสมเด็จพระพุทธยอดฟ้าจุฬาโลกมหาราชบทพระราชนิพนธ์ -- อภิปราย
850 _aNALT
856 4 0 _uhttps://hdl.handle.net/20.500.14156/513995
942 _cREF
_2lcc